00657nam a2200205 i 4500001000300000245006300003260006100066300006800127504001400195650001500209650001400224700002600238040000800264041000800272044000800280080001200288080001200300008004100312856009800353bg00aOpakowania :bporadnik - informator /cred. Barbara Kabat. aWarszawa :bCentrala Techniczna Biuro Wydawnictw,c1969. a551, [1] s., [15] k. il. kolor. :bil. (w tym kolor.) ;c25 cm. aBibliogr. 4aOpakowania 4aPoradniki1 aKabat, Barbara.eRed. cBPK0 apol aPOL a621.798 a(083.1) s pl f |000 0 pol  uhttp://koha.tu.koszalin.pl/cgi-bin/koha/opac-detail.pl?biblionumber=49731yKatalog online BPK